000
00195 a2200109 4500
020
_a
8448800222
041
_a
spa
100
_a
Anonimo
245
_a
Los aristogatos
942
_c
BK
952
_7
1
999
_c
19734
_d
19734